| 000 | 00406nam a2200145Ia 4500 | ||
|---|---|---|---|
| 005 | 20250729165753.0 | ||
| 008 | 250729s2014 xx 000 0 und d | ||
| 041 | _aeng | ||
| 082 | _a510 DIRP | ||
| 100 |
_aDirectorate of Pre University _9232585 |
||
| 245 | _aPhysics - I P U C Exemplar Problems | ||
| 260 |
_aBangalore _bDirectorate of Pre University _c2014 |
||
| 300 | _a180p | ||
| 650 |
_aPhysics _9232586 |
||
| 999 |
_c239856 _d239856 |
||